Score 0/7 Timer 03:00
0 Plays Today
Question Answer Wrong Answers
Over 250 years after their deaths, this founder of Pennsylvania and his wife are made Honorary Citizens of the United States.
1984
William Penn
88.5%
Charles Penn
4.4%
George Penn
2.9%
Roger Penn
2.5%
This American comedian, actor, and TV host, best known for hosting the satirical news program ‘The Daily Show’ from 1999 to 2015, is born.
1962
Jon Stewart
81%
Stephen Colbert
9.9%
John Oliver
2.9%
Conan O'Brien
5.4%
This musical sets a new record for most money earned in a week on Broadway, selling $3.3 million in tickets.
2016
Hamilton
77.7%
Wicked
7.9%
Jersey Boys
4.2%
The Book of Mormon
8.2%
At the first annual Convention of the National Council, Irish nationalist Arthur Griffith founds this political party.
1905
Sinn Féin
74.2%
Fine Gael
4.5%
Labour Party
12.7%
Green Party
8.5%
Directed by Peter Jackson, ‘The Hobbit: ______’, the first of the Hobbit film series, premieres in Wellington, New Zealand.
2012
An Unexpected Journey
70.5%
The Desolation of Smaug
10.7%
The Return of the King
10.1%
The Goblet of Fire
6.8%
East Timor declares their independence from ______, only to be annexed by Indonesia less than a year later.
1975
Portugal
37.5%
China
18%
Australia
18%
India
25%
Groucho and Chico Marx perform on ______ for the first time, with their ‘Flywheel, Shyster, and Flywheel’ act.
1932
Radio
30%
Television
23.5%
Stage
25%
Film
21.2%
Remove Ads.
Support Sporcle.
Get the best of Sporcle when you Go Orange. This ad-free experience offers more features, more stats, and more fun while also helping to support Sporcle. Thank you for becoming a member.

You're not logged in!

Compare scores with friends on all Sporcle quizzes.
OR
Log In

Show Comments

Extras

Top Quizzes Today


Score Distribution

Your Account Isn't Verified!

In order to create a playlist on Sporcle, you need to verify the email address you used during registration. Go to your Sporcle Settings to finish the process.

Report this User

Report this user for behavior that violates our Community Guidelines.

Details: